Вып. 67 : Диалектика, практика и методологические проблемы формирования современного научного мышления; Проблемы философии

Detaylı Bibliyografya
Parent link:Проблемы философии: республиканский межведомственный научный сборник/ Киевский государственный университет им. Т. Г. Шевченко. Вып. 67 : Диалектика, практика и методологические проблемы формирования современного научного мышления.— , 1966-1990
Diğer Yazarlar: Дученко Н. В. (редактор)
Dil:Rusça
Baskı/Yayın Bilgisi: 1986
Konular:
Materyal Türü: Kitap
KOHA link:https://koha.lib.tpu.ru/cgi-bin/koha/opac-detail.pl?biblionumber=278239

MARC

LEADER 00000nam2a2200000 4500
001 278239
005 20231101235108.0
035 |a (RuTPU)RU\TPU\book\301516 
090 |a 278239 
100 |a 20141209d1986 k y0rusy50 ca 
101 0 |a rus 
102 |a FR 
105 |a y z 001zy 
200 0 |a Вып. 67 : Диалектика, практика и методологические проблемы формирования современного научного мышления 
210 |d 1986 
215 |a 120 с. 
320 |a Библиогр. в конце ст. 
461 1 |0 (RuTPU)RU\TPU\book\213131  |t Проблемы философии  |o республиканский межведомственный научный сборник  |f Киевский государственный университет им. Т. Г. Шевченко  |v Вып. 67 : Диалектика, практика и методологические проблемы формирования современного научного мышления  |d 1966-1990 
606 1 |a Философия  |2 stltpush  |3 (RuTPU)RU\TPU\subj\63880  |9 80812 
606 1 |a Научное мышление  |x Философия  |2 stltpush  |3 (RuTPU)RU\TPU\subj\45124  |9 64386 
610 1 |a диалектика 
610 1 |a творческое мышление 
610 1 |a идеи 
610 1 |a познание 
610 1 |a сциентизм 
610 1 |a натурализм 
610 1 |a образное мышление 
610 1 |a отрицание отрицания 
610 1 |a самоопределение 
686 |a Ю0/3  |v LBC/SL-A  |2 rubbk 
686 |a Ю212.24  |v LBC/SL-A  |2 rubbk 
702 1 |a Дученко  |b Н. В.  |4 340 
801 1 |a RU  |b 63413507  |c 20141209 
801 2 |a RU  |b 63413507  |c 20160520  |g RCR 
942 |c BK